Central Library and Information Centre
Sibsagar Girls' College, Sivasagar : Assam

MODERN APPROACH TO CHEMISTRY (P-1) (Record no. 21998)

MARC details
000 -LEADER
fixed length control field 00479cam a2200181ua 4500
008 - FIXED-LENGTH DATA ELEMENTS--GENERAL INFORMATION
fixed length control field 160305n1987 II |||gr||||Z||||||eng
040 ## - CATALOGING SOURCE
Original cataloging agency MAIN
041 ## - LANGUAGE CODE
-- English
082 ## - DEWEY DECIMAL CLASSIFICATION NUMBER
Classification number 540 SAR
245 ## - TITLE STATEMENT
Title MODERN APPROACH TO CHEMISTRY (P-1)
260 ## - PUBLICATION, DISTRIBUTION, ETC.
Place of publication, distribution, etc. NEW DELHI
Name of publisher, distributor, etc. KALYANI PUBLISHERS
Date of publication, distribution, etc. 1987
300 ## - PHYSICAL DESCRIPTION
Extent 790:
Dimensions 20CM.
500 ## - GENERAL NOTE
General note Donated by Mina Kri Agarwal,Sibsagar
700 ## - ADDED ENTRY--PERSONAL NAME
Personal name SARMAH, Y.R.,
Relator term AUTHOR.
942 ## - ADDED ENTRY ELEMENTS (KOHA)
Koha item type Books
653 ## - INDEX TERM--UNCONTROLLED
Uncontrolled term Chemistry & allied sciences
Holdings
Withdrawn status Lost status Damaged status Not for loan Collection code Home library Current library Shelving location Date acquired Full call number Barcode Date last seen Copy number Price effective from Koha item type
Withdrawn       REFCHE Central Library and Information Centre Sibsagar Girls College Central Library and Information Centre Sibsagar Girls College Staff Office 18.03.1987 540 SAR 09028 27.02.2020 1 27.02.2020 Books


Sibsagar Girl's College © 2020. All rights reserved.
Powered by Koha.
Maintained by Abhijit Borpuzari.